[Event "Uppsala 08"]
[Site "Uppsala"]
[Date "2022.08.11"]
[Round "5"]
[White "Akesson, Ralf"]
[Black "Johansson, Jan"]
[Result "1-0"]
[WhiteElo "2427"]
[BlackElo "2307"]
[PlyCount "57"]
[EventDate "2022.08.08"]
[EventType "tourn"]
[EventRounds "9"]
[EventCountry "SWE"]
[EventCategory "6"]
[SourceTitle "CBM 209 Extra"]
[Source "ChessBase"]
[SourceDate "2022.09.30"]
[SourceVersion "1"]
[SourceVersionDate "2022.09.30"]
[SourceQuality "1"]

1. Nf3 c5 2. c4 Nc6 3. Nc3 g6 4. e3 d6 5. h3 Nf6 6. d4 Bf5 7. g4 Bd7 8. d5 Nb4 9. e4 h5 10. g5 Nh7 11. a3 Na6 12. e5 Bg7 13. e6 Bxc3+ 14. bxc3 fxe6 15. Nh4 Nf8 16. Bd3 Qa5 17. Bd2 Rg8 18. Nxg6 Nxg6 19. Bxg6+ Rxg6 20. Qxh5 0-0-0 21. Qxg6 exd5 22. h4 Qa4 23. h5 Qxc4 24. h6 Qg4 25. Qd3 c4 26. Qe2 Qg2 27. 0-0-0 Bg4 28. Qxe7 Nc5 29. h7 1-0

[Event "SWE-chB"]
[Site "Uppsala"]
[Date "2022.07.10"]
[Round "9"]
[White "Furhoff, Johan"]
[Black "Johansson, Jan"]
[Result "1-0"]
[WhiteElo "2348"]
[BlackElo "2306"]
[PlyCount "71"]
[EventDate "2022.07.02"]
[EventType "tourn"]
[EventRounds "9"]
[EventCountry "SWE"]
[EventCategory "5"]
[SourceTitle "CBM 209 Extra"]
[Source "ChessBase"]
[SourceDate "2022.09.30"]
[SourceVersion "1"]
[SourceVersionDate "2022.09.30"]
[SourceQuality "1"]

1. e4 e6 2. d4 d5 3. Nc3 Bb4 4. e5 c5 5. a3 Ba5 6. b4 cxd4 7. Qg4 Ne7 8. bxa5 dxc3 9. Qxg7 Rg8 10. Qxh7 Nbc6 11. Nf3 Qc7 12. Bf4 Bd7 13. Bg3 0-0-0 14. Bd3 Qxa5 15. Qxf7 Rdf8 16. Qh7 Rh8 17. Qg7 Rhg8 18. Qh6 Nb4 19. Bh7 Nf5 20. Qc1 Nc6 21. Bxg8 Rxg8 22. 0-0 Be8 23. Re1 Bh5 24. Nh4 Nxh4 25. Bxh4 Nd4 26. Qh6 Bg6 27. Rac1 Qxa3 28. Bg5 Qa6 29. Ra1 Qb6 30. Be3 Be4 31. Bxd4 Rxg2+ 32. Kh1 Qxd4 33. f3 Rg1+ 34. Rxg1 Bxf3+ 35. Rg2 Bxg2+ 36. Kxg2 1-0

[Event "SWE-chB"]
[Site "Uppsala"]
[Date "2022.07.05"]
[Round "4"]
[White "Johansson, Jan"]
[Black "Engqvist, Thomas"]
[Result "1/2-1/2"]
[WhiteElo "2306"]
[BlackElo "2330"]
[PlyCount "93"]
[EventDate "2022.07.02"]
[EventType "tourn"]
[EventRounds "9"]
[EventCountry "SWE"]
[EventCategory "5"]
[SourceTitle "CBM 209 Extra"]
[Source "ChessBase"]
[SourceDate "2022.09.30"]
[SourceVersion "1"]
[SourceVersionDate "2022.09.30"]
[SourceQuality "1"]

1. d4 Nf6 2. Nf3 e6 3. c4 b6 4. Bg5 Bb7 5. e3 Be7 6. Nc3 Ne4 7. Nxe4 Bxe4 8. Nd2 Bb7 9. Bf4 d6 10. Be2 Nd7 11. Bf3 Bxf3 12. Nxf3 Bf6 13. Qa4 0-0 14. 0-0 Re8 15. Qc6 a5 16. Bg3 Rc8 17. a3 Ra8 18. Rfd1 a4 19. Rac1 Ra5 20. Rc2 Nb8 21. Qe4 Nd7 22. Qg4 h5 23. Qe4 e5 24. dxe5 Nxe5 25. Bxe5 Bxe5 26. Qc6 Bf6 27. Rd5 Qa8 28. Qd7 Re7 29. Qf5 h4 30. g4 hxg3 31. hxg3 Be5 32. Rxa5 bxa5 33. c5 g6 34. Qg4 dxc5 35. Nd2 Qc6 36. Nc4 Bd6 37. Rd2 Kg7 38. Nxa5 Qb5 39. Nc4 Re6 40. Qe2 Be7 41. Qd3 Bf6 42. Qd5 Re7 43. Kg2 Re8 44. Qd7 Qb7+ 45. Qd5 Qb5 46. Qd7 Qb7+ 47. Qd5 1/2-1/2

[Event "SWE-chB"]
[Site "Uppsala"]
[Date "2022.07.03"]
[Round "2"]
[White "Johansson, Jan"]
[Black "Thorn, Eric"]
[Result "1-0"]
[WhiteElo "2306"]
[BlackElo "2366"]
[PlyCount "163"]
[EventDate "2022.07.02"]
[EventType "tourn"]
[EventRounds "9"]
[EventCountry "SWE"]
[EventCategory "5"]
[SourceTitle "CBM 209 Extra"]
[Source "ChessBase"]
[SourceDate "2022.09.30"]
[SourceVersion "1"]
[SourceVersionDate "2022.09.30"]
[SourceQuality "1"]

1. d4 Nf6 2. Nf3 c5 3. d5 b5 4. a4 b4 5. Bg5 g6 6. Nbd2 Bg7 7. e4 0-0 8. Bd3 Ba6 9. 0-0 Qc8 10. Re1 c4 11. Bf1 e6 12. Bxf6 Bxf6 13. e5 Bg7 14. Ne4 Qc7 15. Qd4 exd5 16. Qxd5 Nc6 17. Nc5 Qa5 18. Rad1 Ne7 19. Qd6 Nf5 20. Qxa6 Qxc5 21. Bxc4 Rac8 22. Bb3 Rc6 23. Qd3 Rc7 24. Qe4 Qe7 25. Rd5 Re8 26. Rb5 d6 27. exd6 Qxe4 28. Rxe4 Nxd6 29. Rxe8+ Nxe8 30. Rxb4 Kf8 31. c3 Nd6 32. Kf1 a5 33. Rb8+ Ke7 34. Ke2 Nb7 35. Bc2 h6 36. Ra8 Kd6 37. Nd2 Kc5 38. Ne4+ Kb6 39. Re8 Kc6 40. Ra8 Re7 41. Kf3 Rd7 42. Ke2 Re7 43. Ra6+ Kc7 44. Kd1 Be5 45. g3 Kc8 46. f4 Bc7 47. Nf6 h5 48. Bb3 Nc5 49. Ra8+ Bb8 50. Bc4 Kb7 51. Bd5+ Kc8 52. Rxa5 Nd3 53. Rb5 Ba7 54. a5 Bg1 55. a6 Nf2+ 56. Kd2 Ng4 57. Bb7+ Kb8 58. Bf3+ Ka7 59. Bxg4 hxg4 60. Rb7+ Rxb7 61. axb7 Bxh2 62. Nxg4 Bxg3 63. Ke3 f5 64. Kf3 Bh4 65. Ne5 g5 66. fxg5 Bxg5 67. Nf7 Bc1 68. b3 Bb2 69. c4 Kxb7 70. Nd6+ Kc6 71. Nxf5 Kc5 72. Ke4 Kb4 73. Nd4 Bc3 74. Kd5 Bd2 75. c5 Bf4 76. c6 Bb8 77. Ne6 Kxb3 78. Kc5 Kc3 79. Kb6 Kc4 80. Nc7 Kd4 81. Kb7 Kc5 82. Na6+ 1-0

[Event "Uppsala IM Gp1"]
[Site "Uppsala"]
[Date "2021.08.11"]
[Round "4"]
[White "Johansson, Jan"]
[Black "Jogstad, Martin"]
[Result "1/2-1/2"]
[WhiteElo "2306"]
[BlackElo "2334"]
[PlyCount "77"]
[EventDate "2021.08.09"]
[EventType "tourn"]
[EventRounds "9"]
[EventCountry "SWE"]
[EventCategory "2"]
[SourceTitle "CBM 203 Extra"]
[Source "ChessBase"]
[SourceDate "2021.09.30"]
[SourceVersion "1"]
[SourceVersionDate "2021.09.30"]
[SourceQuality "1"]

1. d4 d5 2. Nf3 Nf6 3. c4 c6 4. Qc2 g6 5. Bf4 dxc4 6. Qxc4 Be6 7. Qc2 Bf5 8. Qb3 Qb6 9. Nc3 Na6 10. e3 Qxb3 11. axb3 Nb4 12. Kd2 Bg7 13. Be2 0-0 14. Ra4 Nbd5 15. Nxd5 Ne4+ 16. Ke1 cxd5 17. Ra1 Rfc8 18. Bd1 Bf8 19. Ng1 g5 20. Bg3 e6 21. f3 Bb4+ 22. Ke2 Nxg3+ 23. hxg3 g4 24. fxg4 Bxg4+ 25. Nf3 a5 26. Kf2 Rc7 27. Ne5 Bxd1 28. Raxd1 Rc2+ 29. Kf3 Rxb2 30. Rh4 Be7 31. Rg4+ Kf8 32. Nd7+ Ke8 33. Rg8+ Kxd7 34. Rxa8 Rxb3 35. Rxa5 Bg5 36. Re1 h6 37. Raa1 Kc7 38. Rab1 Ra3 39. Ra1 1/2-1/2

[Event "Uppsala IM Gp1"]
[Site "Uppsala"]
[Date "2021.08.10"]
[Round "2"]
[White "Johansson, Jan"]
[Black "Lortkipanidze, Nodar"]
[Result "0-1"]
[WhiteElo "2306"]
[BlackElo "2429"]
[PlyCount "54"]
[EventDate "2021.08.09"]
[EventType "tourn"]
[EventRounds "9"]
[EventCountry "SWE"]
[EventCategory "2"]
[SourceTitle "CBM 203 Extra"]
[Source "ChessBase"]
[SourceDate "2021.09.30"]
[SourceVersion "1"]
[SourceVersionDate "2021.09.30"]
[SourceQuality "1"]

1. d4 f5 2. Bg5 c6 3. e3 Qb6 4. Nd2 Qxb2 5. Bd3 g6 6. Ne2 Qb6 7. 0-0 Bg7 8. e4 fxe4 9. Nxe4 d5 10. Nc5 e5 11. Rb1 Qc7 12. dxe5 b6 13. Nb3 Nd7 14. Nf4 Nxe5 15. Re1 Kf7 16. Nd4 Nh6 17. Nh5 Bg4 18. Qd2 Bxh5 19. Qf4+ Kg8 20. Ne6 Qf7 21. Nxg7 Qxf4 22. Bxf4 Nxd3 23. cxd3 Kxg7 24. Re7+ Nf7 25. Rbe1 Rhf8 26. Be5+ Kg8 27. Bf6 Rad8 0-1

[Event "SWE-chT 1819 Superettan"]
[Site "Sweden"]
[Date "2019.01.12"]
[Round "4"]
[White "Furhoff, Johan"]
[Black "Johansson, Jan"]
[Result "1/2-1/2"]
[WhiteElo "2337"]
[BlackElo "2344"]
[PlyCount "85"]
[EventDate "2018.11.09"]
[EventType "team-tourn"]
[EventRounds "9"]
[EventCountry "SWE"]
[SourceTitle "EXT 2020"]
[Source "ChessBase"]
[SourceDate "2019.10.17"]
[SourceVersion "1"]
[SourceVersionDate "2019.10.17"]
[SourceQuality "1"]
[WhiteTeam "Sodra"]
[BlackTeam "Upsala"]
[WhiteTeamCountry "SWE"]
[BlackTeamCountry "SWE"]

1. e4 d6 2. Nc3 c5 3. f4 Nc6 4. Bb5 g6 5. Nf3 Bg7 6. Bxc6+ bxc6 7. d3 c4 8. d4 Bg4 9. e5 d5 10. 0-0 e6 11. b3 cxb3 12. axb3 Ne7 13. Na4 0-0 14. Nc5 Qc8 15. h3 Bxf3 16. Rxf3 f6 17. Qd3 Nf5 18. c3 Rf7 19. g4 Ne7 20. exf6 Rxf6 21. Ba3 g5 22. fxg5 Rxf3 23. Qxf3 Ng6 24. Nd3 Qa6 25. Qf1 Qb6 26. Rb1 e5 27. Bc5 Qc7 28. dxe5 Nxe5 29. Re1 Ng6 30. Re3 Bxc3 31. Qf5 Bg7 32. Qe6+ Kh8 33. Kh1 Qa5 34. Qxc6 Rg8 35. Qxd5 Qd2 36. Bb4 Qc2 37. Qc4 Qd1+ 38. Re1 Qf3+ 39. Kh2 Rd8 40. Bc3 Bxc3 41. Qxc3+ Kg8 42. Qc4+ Kh8 43. Qc3+ 1/2-1/2

[Event "SWE-chT 1718 Elite"]
[Site "Sweden"]
[Date "2018.02.03"]
[Round "5"]
[White "Johansson, Jan"]
[Black "Hammer, Jon Ludvig"]
[Result "1/2-1/2"]
[WhiteElo "2337"]
[BlackElo "2632"]
[PlyCount "77"]
[EventDate "2017.10.20"]
[EventType "team-tourn"]
[EventRounds "9"]
[EventCountry "SWE"]
[SourceTitle "EXT 2019"]
[Source "ChessBase"]
[SourceDate "2018.10.10"]
[SourceVersion "1"]
[SourceVersionDate "2018.10.10"]
[SourceQuality "1"]
[WhiteTeam "Upsala"]
[BlackTeam "Stockholm Rockaden"]
[WhiteTeamCountry "SWE"]
[BlackTeamCountry "SWE"]

1. d4 Nf6 2. c4 e6 3. Nf3 d5 4. Nc3 Be7 5. Bg5 0-0 6. e3 Nbd7 7. Bd3 dxc4 8. Bxc4 b6 9. 0-0 Bb7 10. Qe2 Ne4 11. Nxe4 Bxe4 12. Bf4 Bd6 13. Bxd6 cxd6 14. Ba6 Nb8 15. Nd2 Nxa6 16. Nxe4 Nb4 17. Qb5 Nd5 18. Rfc1 f5 19. Nc3 Nxc3 20. Rxc3 f4 21. e4 Qf6 22. Rd1 Rad8 23. f3 h6 24. Rc7 Rf7 25. Rxf7 Qxf7 26. Rc1 Kh7 27. Qa4 Rd7 28. Rc3 Rc7 29. Qc2 Rxc3 30. Qxc3 Qd7 31. Qc4 b5 32. Qc2 a5 33. h3 e5 34. d5 Qa7+ 35. Kh2 Qd4 36. Qc8 Qxb2 37. Qf5+ Kh8 38. Qf8+ Kh7 39. Qf5+ 1/2-1/2

[Event "SWE-chB"]
[Site "Stockholm"]
[Date "2017.07.16"]
[Round "9"]
[White "Johansson, Jan"]
[Black "Akesson, Ralf"]
[Result "0-1"]
[WhiteElo "2341"]
[BlackElo "2435"]
[PlyCount "176"]
[EventDate "2017.07.08"]
[EventType "tourn"]
[EventRounds "9"]
[EventCountry "SWE"]
[EventCategory "4"]
[SourceTitle "EXT 2018"]
[Source "ChessBase"]
[SourceDate "2017.10.13"]
[SourceVersion "1"]
[SourceVersionDate "2017.10.13"]
[SourceQuality "1"]

1. d4 Nf6 2. c4 e6 3. Nc3 Bb4 4. Nf3 c5 5. g3 0-0 6. Bg2 cxd4 7. Nxd4 d5 8. cxd5 Nxd5 9. Bd2 Bxc3 10. bxc3 Nb6 11. 0-0 e5 12. Nc2 Nc4 13. Bc1 Nc6 14. Ne3 Be6 15. Nd5 Rc8 16. e4 Ne7 17. Rb1 Qd7 18. Rb4 Rfd8 19. Bg5 Bxd5 20. Bxe7 Qxe7 21. exd5 b6 22. Re1 Qc5 23. Qa4 Rc7 24. Rb5 Qf8 25. Rb4 Qc5 26. Rb5 Qf8 27. Rb4 Rdc8 28. Qd1 Re8 29. Qa4 Nd6 30. Rb2 f5 31. Rbe2 Qf6 32. Re3 Ree7 33. Qd1 g6 34. Bf1 Kg7 35. c4 e4 36. f3 Nxc4 37. Bxc4 Rxc4 38. d6 Rd7 39. fxe4 Rxe4 40. Rxe4 fxe4 41. Rxe4 Rxd6 42. Qe2 Rd7 43. Kg2 Rf7 44. Re6 Qd4 45. Kh3 Rf2 46. Re7+ Kh6 47. Qe1 Rxa2 48. Qc1+ Qd2 49. Qxd2+ Rxd2 50. Rxa7 g5 51. Rb7 Rd6 52. Rb8 Kg6 53. Kg4 h6 54. h4 Rd4+ 55. Kf3 Rb4 56. Rg8+ Kf7 57. Rb8 gxh4 58. gxh4 h5 59. Ke3 Ke6 60. Rh8 Rb5 61. Rh6+ Kd7 62. Kd4 Kc7 63. Rh7+ Kc6 64. Rh6+ Kb7 65. Kc3 Ka6 66. Rg6 Rc5+ 67. Kb3 Rb5+ 68. Kc3 Rc5+ 69. Kb3 Ka5 70. Rg8 Kb5 71. Rg6 Rd5 72. Rh6 Kc5 73. Rh8 Kd4 74. Rh6 b5 75. Rg6 Ke4 76. Kb4 Rf5 77. Rg8 Kf3 78. Kc3 Rf4 79. Kd3 b4 80. Rg5 Rxh4 81. Rb5 Kf2 82. Rf5+ Ke1 83. Re5+ Kd1 84. Rb5 b3 85. Kc3 Rh3+ 86. Kb2 Ke2 87. Rf5 Ke3 88. Rf8 Ke4 0-1

[Event "SWE-chB"]
[Site "Stockholm"]
[Date "2017.07.13"]
[Round "6"]
[White "Eriksson, Johan"]
[Black "Johansson, Jan"]
[Result "1/2-1/2"]
[WhiteElo "2391"]
[BlackElo "2341"]
[PlyCount "68"]
[EventDate "2017.07.08"]
[EventType "tourn"]
[EventRounds "9"]
[EventCountry "SWE"]
[EventCategory "4"]
[SourceTitle "EXT 2018"]
[Source "ChessBase"]
[SourceDate "2017.10.13"]
[SourceVersion "1"]
[SourceVersionDate "2017.10.13"]
[SourceQuality "1"]

1. d4 Nf6 2. c4 e6 3. Nc3 Bb4 4. Qc2 0-0 5. a3 Bxc3+ 6. Qxc3 b6 7. Bg5 Bb7 8. e3 d6 9. Ne2 Nbd7 10. Qc2 c5 11. Rd1 Rc8 12. Nc3 a6 13. d5 h6 14. Bh4 exd5 15. Nxd5 b5 16. Be2 Bxd5 17. cxd5 Qa5+ 18. Rd2 c4 19. 0-0 c3 20. Rd4 cxb2 21. Qxb2 Rc3 22. Ra1 Rfc8 23. Bf1 Rc2 24. Qb4 Qxb4 25. axb4 Rc1 26. Rd1 Rxd1 27. Rxd1 Nb6 28. Bxf6 gxf6 29. g3 Kg7 30. Rd4 Rc1 31. Kg2 Rb1 32. Be2 Rb2 33. Kf1 Rb1+ 34. Kg2 Rb2 1/2-1/2

[Event "SWE Cup"]
[Site "Sweden"]
[Date "2017.03.26"]
[Round "9.2"]
[White "Aaberg, Anton"]
[Black "Johansson, Jan"]
[Result "1-0"]
[WhiteElo "2365"]
[BlackElo "2363"]
[PlyCount "79"]
[EventDate "2017.01.14"]
[EventType "team-tourn"]
[EventRounds "9"]
[EventCountry "SWE"]
[SourceTitle "CBM 177 Extra"]
[Source "ChessBase"]
[SourceDate "2017.04.27"]
[SourceVersion "1"]
[SourceVersionDate "2017.04.27"]
[SourceQuality "1"]
[WhiteTeam "Kamraterna"]
[BlackTeam "Upsala"]
[WhiteTeamCountry "SWE"]
[BlackTeamCountry "SWE"]

1. d4 Nf6 2. Bg5 Ne4 3. Bf4 c5 4. d5 Qb6 5. Nd2 Nxd2 6. Bxd2 Qxb2 7. e4 Qb6 8. Nf3 d6 9. h3 Nd7 10. Bc4 g6 11. Bc3 Rg8 12. Rb1 Bg7 13. Bd2 Qc7 14. 0-0 h6 15. Qe1 g5 16. Kh1 Bf6 17. Be2 h5 18. Nh2 Rh8 19. f4 gxf4 20. Bxf4 Ne5 21. Bxe5 Bxe5 22. Qd1 Bd7 23. Bxh5 0-0-0 24. Bxf7 Kb8 25. c4 Qa5 26. Qb3 b6 27. Be6 Bxe6 28. dxe6 Rdg8 29. Nf3 Bf6 30. Rf2 Qa6 31. a4 Qc8 32. a5 Qxe6 33. axb6 a6 34. e5 dxe5 35. Ng1 e4 36. Ra2 e3 37. Rxa6 Qe4 38. Ra2 Rg3 39. b7 Kc7 40. b8Q+ 1-0

[Event "SWE Cup"]
[Site "Sweden"]
[Date "2017.03.25"]
[Round "8.1"]
[White "Johansson, Jan"]
[Black "Marcus, Hakan"]
[Result "1-0"]
[WhiteElo "2363"]
[BlackElo "2188"]
[PlyCount "101"]
[EventDate "2017.01.14"]
[EventType "team-tourn"]
[EventRounds "9"]
[EventCountry "SWE"]
[SourceTitle "EXT 2018"]
[Source "ChessBase"]
[SourceDate "2017.10.13"]
[SourceVersion "1"]
[SourceVersionDate "2017.10.13"]
[SourceQuality "1"]
[WhiteTeam "Upsala"]
[BlackTeam "Horndal"]
[WhiteTeamCountry "SWE"]
[BlackTeamCountry "SWE"]

1. e4 c6 2. d4 d5 3. e5 Bf5 4. Nf3 e6 5. Be2 Nd7 6. 0-0 h6 7. Nbd2 g5 8. Nb3 Bg7 9. Bd2 Ne7 10. c4 0-0 11. Bb4 Re8 12. Na5 Qc8 13. Rc1 b6 14. Nb3 Qb7 15. Bxe7 Rxe7 16. cxd5 exd5 17. h4 g4 18. Ne1 c5 19. Bxg4 Bxg4 20. Qxg4 Nxe5 21. dxe5 Rxe5 22. Nd2 Qa6 23. Nef3 Re6 24. Rfe1 Rg6 25. Qd7 Qxa2 26. b3 a5 27. h5 Rf6 28. Qxd5 Rf8 29. Re4 Qa3 30. Rb1 Qa2 31. Rg4 Re6 32. Qd3 b5 33. Qxb5 Rd8 34. Rd1 Qc2 35. Qf1 Qf5 36. Qc4 Qxh5 37. Rf1 Kh8 38. Re4 Red6 39. Qe2 f5 40. Re6 Rd3 41. Nc4 Rxb3 42. Nxa5 Rb2 43. Qe3 Rc2 44. Nc6 Rc3 45. Qf4 Rf8 46. Nce5 Kh7 47. Re7 Rb3 48. Qc4 Rb4 49. Qxc5 Re4 50. Qc7 Rg8 51. Rb1 1-0

[Event "SWE Cup"]
[Site "Sweden"]
[Date "2017.01.14"]
[Round "4.4"]
[White "Akesson, Ralf"]
[Black "Johansson, Jan"]
[Result "1-0"]
[WhiteElo "2412"]
[BlackElo "2363"]
[PlyCount "83"]
[EventDate "2017.01.14"]
[EventType "team-tourn"]
[EventRounds "9"]
[EventCountry "SWE"]
[SourceTitle "EXT 2018"]
[Source "ChessBase"]
[SourceDate "2017.10.13"]
[SourceVersion "1"]
[SourceVersionDate "2017.10.13"]
[SourceQuality "1"]
[WhiteTeam "Vasteras"]
[BlackTeam "Upsala"]
[WhiteTeamCountry "SWE"]
[BlackTeamCountry "SWE"]

1. Nf3 d5 2. d4 Nf6 3. c4 dxc4 4. e3 e6 5. Bxc4 c5 6. 0-0 Nc6 7. Qe2 a6 8. Rd1 Qc7 9. a4 Be7 10. dxc5 Bxc5 11. Nbd2 0-0 12. h3 e5 13. Nb3 Ba7 14. e4 Nh5 15. Bd2 Be6 16. Rac1 Bxc4 17. Qxc4 Nf4 18. Bxf4 exf4 19. e5 Rad8 20. Re1 Qb6 21. Rc2 Qb4 22. Nc1 Rfe8 23. Qxb4 Nxb4 24. Rc7 Rb8 25. Rd1 Bb6 26. Rcd7 Nc6 27. R1d6 h6 28. Nd3 Rec8 29. Nxf4 Bc7 30. Rd5 Nb4 31. Rd2 b5 32. axb5 Rxb5 33. Re2 Rc5 34. g3 Rd8 35. e6 fxe6 36. Rxg7+ Kxg7 37. Nxe6+ Kg8 38. Nxc5 Bb6 39. Na4 Ba7 40. Re7 Nc6 41. Re6 Nb4 42. Rxh6 1-0

[Event "Malmo op"]
[Site "Malmo"]
[Date "2016.12.17"]
[Round "4"]
[White "Olsson, William"]
[Black "Johansson, Jan"]
[Result "1-0"]
[WhiteElo "1485"]
[BlackElo "1466"]
[PlyCount "87"]
[EventDate "2016.12.16"]
[EventType "swiss"]
[EventRounds "7"]
[EventCountry "SWE"]
[SourceTitle "CBM 176 Extra"]
[Source "ChessBase"]
[SourceDate "2017.03.02"]
[SourceVersion "1"]
[SourceVersionDate "2017.03.02"]
[SourceQuality "1"]

1. Nf3 Nf6 2. g3 g6 3. Bg2 Bg7 4. d4 d5 5. 0-0 0-0 6. Nc3 c6 7. Bf4 Bf5 8. Qd2 Re8 9. Bh6 Bh8 10. Nh4 Be6 11. f4 Ne4 12. Nxe4 dxe4 13. c3 f5 14. g4 Nd7 15. gxf5 gxf5 16. Bh3 Rf8 17. Bxf8 Qxf8 18. Qe3 Qf6 19. Ng2 Kf7 20. Ne1 Rg8+ 21. Bg2 Rg6 22. Rd1 Bxa2 23. Ra1 Qe6 24. d5 Qxd5 25. Qxa7 Bc4 26. Qe3 Nc5 27. Ra5 Bb5 28. Qh3 h6 29. Ra8 Bg7 30. Qe3 Nb3 31. Nc2 c5 32. Ra3 Bc4 33. Kh1 Qc6 34. Na1 Nxa1 35. Raxa1 Qb5 36. Rfe1 b6 37. Rab1 Rd6 38. Qh3 Rf6 39. Bf1 Ba2 40. e3 Bxb1 41. Bxb5 Bd3 42. Bxd3 exd3 43. Rd1 Rd6 44. Qxf5+ 1-0

[Event "SWE-chT2 1617"]
[Site "Sweden"]
[Date "2016.10.15"]
[Round "2.3"]
[White "Rydstrom, Tom"]
[Black "Johansson, Jan"]
[Result "0-1"]
[WhiteElo "2307"]
[BlackElo "2363"]
[PlyCount "78"]
[EventDate "2016.10.14"]
[EventType "team-tourn"]
[EventRounds "9"]
[EventCountry "SWE"]
[SourceTitle "EXT 2017"]
[Source "ChessBase"]
[SourceDate "2016.10.25"]
[SourceVersion "1"]
[SourceVersionDate "2016.10.25"]
[SourceQuality "1"]
[WhiteTeam "Vaxjo"]
[BlackTeam "Upsala"]
[WhiteTeamCountry "SWE"]
[BlackTeamCountry "SWE"]

1. e4 d6 2. d4 Nf6 3. Nc3 e5 4. Nge2 Be7 5. h3 0-0 6. g3 exd4 7. Nxd4 d5 8. e5 Nfd7 9. Nxd5 Nxe5 10. Bg2 Bc5 11. Nb3 Bd6 12. 0-0 Nbc6 13. Re1 a5 14. Nd2 Bf5 15. Ne4 Bxe4 16. Bxe4 f5 17. Bg2 Ng6 18. Qh5 Qd7 19. Be3 Rae8 20. Rad1 Kh8 21. Bd2 Rxe1+ 22. Rxe1 Nb4 23. Nxb4 axb4 24. Rd1 Qa4 25. Bxb7 Qxc2 26. Bd5 f4 27. Bb3 Qxb2 28. g4 Ne5 29. g5 Ng6 30. Qf3 Qe5 31. Bc2 Qxg5+ 32. Kh1 Ne5 33. Qe4 Qh5 34. Qg2 f3 35. Qf1 Ng4 36. Be1 Nxf2+ 37. Qxf2 Qxh3+ 38. Kg1 Bc5 39. Qxc5 Qg2# 0-1

[Event "SWE-chB"]
[Site "Uppsala"]
[Date "2016.07.21"]
[Round "6"]
[White "Johansson, Jan"]
[Black "Lind, Jan Olov"]
[Result "1/2-1/2"]
[WhiteElo "2371"]
[BlackElo "2223"]
[PlyCount "255"]
[EventDate "2016.07.16"]
[EventType "tourn"]
[EventRounds "9"]
[EventCountry "SWE"]
[EventCategory "3"]
[SourceTitle "CBM 173 Extra"]
[Source "ChessBase"]
[SourceDate "2016.08.29"]
[SourceVersion "1"]
[SourceVersionDate "2016.08.29"]
[SourceQuality "1"]

1. d4 Nf6 2. Bg5 g6 3. Nd2 Bg7 4. e4 d6 5. c3 Nbd7 6. Be2 e5 7. dxe5 dxe5 8. Ngf3 Qe7 9. h3 0-0 10. Qc2 Re8 11. Nh2 Nc5 12. Be3 Bd7 13. b4 Ncxe4 14. Nxe4 Nxe4 15. Qxe4 Bc6 16. Qc4 Bxg2 17. Rg1 Bxh3 18. Bg5 Qe6 19. Ng4 e4 20. 0-0-0 h5 21. Ne3 Qe5 22. Bxh5 Be6 23. Qc5 Qxc3+ 24. Qxc3 Bxc3 25. Bg4 f6 26. Bf4 Bxb4 27. Bh5 Bf7 28. Nf5 Red8 29. Nh6+ Kf8 30. Rxd8+ Rxd8 31. Nxf7 Kxf7 32. Rxg6 Bd6 33. Rg4+ Ke6 34. Bxd6 Rxd6 35. Rxe4+ Kf5 36. Rb4 b6 37. Bg4+ Kg5 38. Bh3 Rd3 39. Rb3 Rd4 40. Re3 Rf4 41. Re2 f5 42. Kd2 Kf6 43. Bg2 Rd4+ 44. Kc3 c5 45. Bc6 Rd6 46. Bb5 Rd4 47. Bd3 Rf4 48. Bc4 Rf3+ 49. Kc2 f4 50. Bd5 Rh3 51. f3 Rh7 52. Re6+ Kg5 53. Kb3 Rg7 54. Kc4 Kh4 55. Kd3 Kg3 56. Ke4 b5 57. Bc6 a6 58. Bd5 c4 59. Rxa6 Rc7 60. Bc6 b4 61. Kd4 b3 62. axb3 cxb3 63. Be4 b2 64. Rb6 Ra7 65. Rxb2 Ra4+ 66. Ke5 Ra5+ 67. Bd5 Rc5 68. Rd2 Ra5 69. Rd1 Rb5 70. Ke4 Rb4+ 71. Rd4 Rb1 72. Be6 Re1+ 73. Kf5 Kxf3 74. Rxf4+ Ke3 75. Ra4 Kf2 76. Bd5 Re2 77. Kf4 Rd2 78. Be4 Re2 79. Ra7 Rd2 80. Rh7 Ke2 81. Rh1 Kf2 82. Ra1 Rb2 83. Rd1 Ke2 84. Rh1 Rd2 85. Rh3 Kf2 86. Rg3 Ke2 87. Rh3 Kf2 88. Bd3 Kg2 89. Rg3+ Kf2 90. Rf3+ Kg2 91. Bf1+ Kg1 92. Ke3 Ra2 93. Bd3 Kg2 94. Rf7 Ra3 95. Rg7+ Kh3 96. Ke4 Rb3 97. Bf1+ Kh4 98. Kf4 Rb4+ 99. Kf5 Ra4 100. Bb5 Rb4 101. Bf1 Ra4 102. Bg2 Ra5+ 103. Kf4 Kh5 104. Be4 Kh4 105. Rg1 Ra3 106. Rg4+ Kh5 107. Rg7 Ra6 108. Rb7 Rd6 109. Ra7 Rb6 110. Rc7 Rd6 111. Rc1 Kh6 112. Bf5 Kg7 113. Ke5 Ra6 114. Rc7+ Kf8 115. Be6 Ra1 116. Kf6 Rf1+ 117. Bf5 Re1 118. Rh7 Rg1 119. Rf7+ Ke8 120. Re7+ Kf8 121. Rc7 Re1 122. Rc3 Re2 123. Rf3 Re7 124. Ra3 Rf7+ 125. Kg6 Rg7+ 126. Kh6 Re7 127. Bd3 Re1 128. Bf5 1/2-1/2

[Event "Ceske Budejovice op"]
[Site "Ceske Budejovice"]
[Date "2016.06.27"]
[Round "4"]
[White "Johansson, Jan"]
[Black "Sergeev, Vladimir"]
[Result "1-0"]
[WhiteElo "2371"]
[BlackElo "2451"]
[PlyCount "69"]
[EventDate "2016.06.24"]
[EventType "swiss"]
[EventRounds "9"]
[EventCountry "CZE"]
[SourceTitle "EXT 2017"]
[Source "ChessBase"]
[SourceDate "2016.10.25"]
[SourceVersion "1"]
[SourceVersionDate "2016.10.25"]
[SourceQuality "1"]

1. e4 Nf6 2. e5 Nd5 3. d4 d6 4. c4 Nb6 5. exd6 exd6 6. h3 Be7 7. Nf3 0-0 8. Be2 Bf6 9. 0-0 Re8 10. Nc3 Bf5 11. Bf4 N8d7 12. a4 a5 13. Nb5 Nf8 14. Bg3 Ne6 15. Re1 Be4 16. Bd3 Bxf3 17. Qxf3 Nxd4 18. Qxb7 Nxb5 19. axb5 Bxb2 20. Rxe8+ Qxe8 21. Ra2 Bd4 22. Re2 Be5 23. f4 Bd4+ 24. Kh2 Be3 25. Qf3 a4 26. Rxe3 Qd8 27. Be2 h6 28. Be1 Qf8 29. Bb4 Re8 30. Bd3 Rxe3 31. Qxe3 Nd7 32. Bc2 Nc5 33. Bxc5 dxc5 34. Bxa4 f5 35. Qe5 1-0

[Event "SWE-chT 1516 Superettan"]
[Site "Sweden"]
[Date "2016.03.20"]
[Round "9"]
[White "Andersson, Ulf"]
[Black "Johansson, Jan"]
[Result "1-0"]
[WhiteElo "2512"]
[BlackElo "2384"]
[PlyCount "49"]
[EventDate "2015.11.06"]
[EventType "team-tourn"]
[EventRounds "9"]
[EventCountry "SWE"]
[SourceTitle "EXT 2018"]
[Source "ChessBase"]
[SourceDate "2017.10.13"]
[SourceVersion "1"]
[SourceVersionDate "2017.10.13"]
[SourceQuality "1"]
[WhiteTeam "Malmo"]
[BlackTeam "Upsala"]
[WhiteTeamCountry "SWE"]
[BlackTeamCountry "SWE"]

1. Nf3 Nf6 2. c4 e6 3. g3 d5 4. d4 dxc4 5. Qa4+ Bd7 6. Qxc4 Bc6 7. Bg2 Bd5 8. Qd3 Be4 9. Qd1 c5 10. 0-0 Nbd7 11. Nc3 Bc6 12. Qd3 Qb6 13. Rd1 Rd8 14. Be3 Nd5 15. Nxd5 Bxd5 16. b3 Be7 17. Rac1 0-0 18. dxc5 Nxc5 19. Qc3 Bxf3 20. Rxd8 Qxd8 21. Bxf3 b6 22. b4 Na6 23. a3 Bd6 24. Rd1 Nc7 25. Qc6 1-0